Exteriorización en el dominio de la contabilidad microsocial de impactos vinculados con redes de inclusión laboral de jóvenes (Registro nro. 27448)

Detalles MARC
000 -LEADER
fixed length control field 00471 a2200109 4500
001 - CONTROL NUMBER
control field ART_15662
005 - DATE AND TIME OF LATEST TRANSACTION
control field 20260410161918.0
008 - FIXED-LENGTH DATA ELEMENTS--GENERAL INFORMATION
fixed length control field 260409a
100 1# - MAIN ENTRY--PERSONAL NAME
Personal name Piacquadío, Cecilia
245 10 - TITLE STATEMENT
Title Exteriorización en el dominio de la contabilidad microsocial de impactos vinculados con redes de inclusión laboral de jóvenes
773 0# - HOST ITEM ENTRY
Title Documentos de trabajo de contabilidad, auditoría y responsabilidad social
Related parts - Año 2, Nº 3 (jun. 2012)
Record control number REV14385

No hay ítems disponibles.